International Corporate Reporting : (Record no. 17338)
[ view plain ]
| 000 -LEADER | |
|---|---|
| fixed length control field | 01232nam a2200313 a 4500 |
| 001 - CONTROL NUMBER | |
| control field | 014610611 |
| 003 - CONTROL NUMBER IDENTIFIER | |
| control field | Uk |
| 005 - DATE AND TIME OF LATEST TRANSACTION | |
| control field | 20130228135909.0 |
| 008 - FIXED-LENGTH DATA ELEMENTS--GENERAL INFORMATION | |
| fixed length control field | 080109s2008 enka b 001 0 eng |
| 010 ## - LIBRARY OF CONGRESS CONTROL NUMBER | |
| LC control number | 2008001028 |
| 020 ## - INTERNATIONAL STANDARD BOOK NUMBER | |
| International Standard Book Number | 9780273714736 (alk. paper) : |
| 020 ## - INTERNATIONAL STANDARD BOOK NUMBER | |
| International Standard Book Number | 0273714732 (alk. paper) : |
| 082 00 - DEWEY DECIMAL CLASSIFICATION NUMBER | |
| Classification number | 657.96 |
| Edition number | 22 |
| Item number | ROB |
| 100 1# - MAIN ENTRY--PERSONAL NAME | |
| Personal name | Roberts, Clare B. |
| 9 (RLIN) | 32765 |
| 245 10 - TITLE STATEMENT | |
| Title | International Corporate Reporting : |
| Remainder of title | a Comparative Approach / |
| Statement of responsibility, etc | Clare Roberts, Pauline Weetman, Paul Gordon. |
| 250 ## - EDITION STATEMENT | |
| Edition statement | 4th ed. |
| 260 ## - PUBLICATION, DISTRIBUTION, ETC. (IMPRINT) | |
| Place of publication, distribution, etc | Harlow ; |
| -- | New York : |
| Name of publisher, distributor, etc | Prentice Hall/Financial Times, |
| Date of publication, distribution, etc | 2008. |
| 300 ## - PHYSICAL DESCRIPTION | |
| Extent | xxi, 676 p. : |
| Other physical details | ill. ; |
| Dimensions | 25 cm. |
| 500 ## - GENERAL NOTE | |
| General note | Rev. ed. of: International financial reporting / Clare Roberts, Pauline Weetman, Paul Gordon. 3rd ed. 2005. |
| 504 ## - BIBLIOGRAPHY, ETC. NOTE | |
| Bibliography, etc | Includes bibliographical references and index. |
| 650 #0 - SUBJECT ADDED ENTRY--TOPICAL TERM | |
| Topical term or geographic name as entry element | International business enterprises |
| General subdivision | Finance. |
| 9 (RLIN) | 32766 |
| 650 #0 - SUBJECT ADDED ENTRY--TOPICAL TERM | |
| Topical term or geographic name as entry element | Accounting |
| General subdivision | Standards |
| -- | International cooperation. |
| 9 (RLIN) | 32767 |
| 653 ## - INDEX TERM--UNCONTROLLED | |
| Resource For college | |
| Arrived date list | February2013 |
| 690 7# - LOCAL SUBJECT ADDED ENTRY--TOPICAL TERM (OCLC, RLIN) | |
| Topical term or geographic name as entry element | Management and Business Studies |
| Source of heading or term | blcoll |
| 700 1# - ADDED ENTRY--PERSONAL NAME | |
| Personal name | Weetman, Pauline. |
| 9 (RLIN) | 32768 |
| 700 1# - ADDED ENTRY--PERSONAL NAME | |
| Personal name | Gordon, Paul D. |
| 9 (RLIN) | 32769 |
| 700 1# - ADDED ENTRY--PERSONAL NAME | |
| Personal name | Roberts, Clare B. |
| Title of a work | International financial reporting. |
| 9 (RLIN) | 32770 |
| 942 ## - ADDED ENTRY ELEMENTS (KOHA) | |
| Source of classification or shelving scheme | Dewey Decimal Classification |
| Item type | Book - Borrowing |
| Withdrawn status | Item status | Source of classification or shelving scheme | Damaged status | Not for loan | Vendor | Home library | Current library | Shelving location | Date acquired | Source of acquisition | Total Checkouts | Full call number | Barcode | Date last seen | Koha item type |
|---|---|---|---|---|---|---|---|---|---|---|---|---|---|---|---|
| Dewey Decimal Classification | Baccah | Central Library | Central Library | First floor | 28/02/2013 | 657.96 ROB | 000028420 | 15/07/2025 | Book - Borrowing | ||||||
| Dewey Decimal Classification | Baccah | Central Library | Central Library | First floor | 28/02/2013 | 657.96 ROB | 000028421 | 15/07/2025 | Book - Borrowing | ||||||
| Dewey Decimal Classification | Baccah | Central Library | Central Library | First floor | 28/02/2013 | 657.96 ROB | 000028422 | 15/07/2025 | Book - Borrowing |